[Event "Shorman Sunday Night Marathon"]
[Site "?"]
[Date "2008.01.06"]
[Round "3"]
[White "Starr, Albert"]
[Black "Petty, David"]
[Result "0-1"]
[WhiteElo "1557"]
[BlackElo "1899"]
[Annotator ",Elizabeth"]
[PlyCount "76"]
[EventDate "2008.??.??"]
[SourceDate "2007.10.22"]

1. b4 e5 2. Bb2 Bxb4 3. Bxe5 Nf6 4. c4 O-O 5. e3 Re8 6. Nf3 d5 7. Be2 Bg4 8.
Bc3 Nc6 9. O-O Qd7 10. d3 Rad8 11. Qb3 dxc4 12. dxc4 Bxc3 13. Nxc3 Na5 14. Qb5
b6 15. Qxd7 Rxd7 16. Nd4 Bxe2 17. Ncxe2 c5 18. Nb3 Nxc4 19. Rfc1 Ne5 20. h3
Red8 21. f4 Nd3 22. Rc2 Nd5 23. g3 Nxe3 24. Rd2 c4 25. Nbc1 Nxc1 26. Rxd7 Nxe2+
27. Kf2 Rxd7 28. Kxe2 Nd5 29. Rc1 b5 30. a4 a6 31. axb5 axb5 32. Kf3 Nf6 33.
Ra1 Kf8 34. Ke3 Rd3+ 35. Ke2 Ne4 36. g4 b4 37. Rc1 Nc3+ 38. Ke1 b3 {
(white resigned)} 0-1

[Event "Shorman Sunday Night Marathon"]
[Site "?"]
[Date "2007.12.09"]
[Round "1"]
[White "Starr, Albert"]
[Black "Svoboda, Steven"]
[Result "1-0"]
[WhiteElo "1557"]
[BlackElo "1925"]
[PlyCount "83"]
[EventDate "2007.12.09"]
[SourceDate "2007.10.22"]

1. b4 e5 2. Bb2 f6 3. b5 d5 4. e3 c5 5. c4 d4 6. exd4 exd4 7. d3 Bd6 8. Nf3 Ne7
9. Be2 O-O 10. O-O Ng6 11. g3 Bf5 12. Nbd2 Nd7 13. a4 Re8 14. a5 Qe7 15. Re1
Qf7 16. a6 b6 17. Bf1 Re6 18. Rxe6 Qxe6 19. Bg2 Bg4 20. Nxd4 Bxd1 21. Nxe6 Re8
22. Rxd1 Rxe6 23. Bd5 Kf7 24. Re1 Ndf8 25. Bxe6+ Nxe6 26. Ne4 Bc7 27. f4 Nd4
28. Bxd4 cxd4 29. c5 Ke6 30. cxb6 Bxb6 31. Ng5+ Kd6 32. Nxh7 Ne7 33. Nf8 Nd5
34. Re6+ Kc5 35. Nd7+ Kxb5 36. Nxb6 Nxb6 37. Re7 g6 38. Rxa7 Nc8 39. Rd7 Kxa6
40. Rxd4 Kb5 41. g4 Kc5 42. Rc4+ 1-0

[Event "Berkeley CS Rubinstein FNM; 30/90, SD/3"]
[Site "Berkeley"]
[Date "2011.08.26"]
[Round "5.12"]
[White "Stearman, Josiah"]
[Black "Auyoung, Nathan"]
[Result "1-0"]
[WhiteElo "1772"]
[BlackElo "1344"]
[PlyCount "41"]
[EventDate "2011.??.??"]
[SourceDate "2007.10.22"]

1. e4 e5 2. f4 d6 3. Nf3 Nf6 4. fxe5 dxe5 5. Nxe5 Qd4 6. Nf3 Nxe4 7. Nxd4 Bc5
8. Qe2 f5 9. d3 Bxd4 10. dxe4 O-O 11. Qc4+ Kh8 12. Qxd4 Nc6 13. Qc3 Re8 14. Bh6
Ne5 15. Bf4 Ng6 16. Bxc7 Rxe4+ 17. Be2 Nf4 18. Bxf4 Rxf4 19. Qd2 Re4 20. Qd8+
Re8 21. Qxe8# 1-0

[Event "Purdy FNM; 30/90, SD/30"]
[Site "Berkeley"]
[Date "2010.01.22"]
[Round "3.9"]
[White "Stearman, Josiah P"]
[Black "Craven, Richard M"]
[Result "1/2-1/2"]
[WhiteElo "1216"]
[BlackElo "1496"]
[PlyCount "72"]
[EventDate "2010.??.??"]
[SourceDate "2007.10.22"]

1. e4 e5 2. d4 exd4 3. c3 c5 4. Nf3 Nc6 5. cxd4 cxd4 6. Nxd4 Bb4+ 7. Nc3 Bxc3+
8. bxc3 Nge7 9. Bc4 O-O 10. O-O Ne5 11. Bb3 b6 12. Ba3 d6 13. f4 Ng4 14. Qd3
Bb7 15. Nb5 Nc8 16. Rad1 Re8 17. Rfe1 Qh4 18. Qg3 Qxg3 19. hxg3 Rxe4 20. Bxd6
Rxe1+ 21. Rxe1 Nf6 22. Nc7 Nxd6 23. Nxa8 Bxa8 24. Rd1 Nfe4 25. Bc2 f5 26. Bxe4
Bxe4 27. Rxd6 h5 28. Rd7 a5 29. Re7 b5 30. Rxe4 fxe4 31. Kf2 Kf7 32. Ke3 Kf6
33. Kxe4 g5 34. fxg5+ Kxg5 35. Kf3 a4 36. a3 Kf5 1/2-1/2

[Event "Berkeley CC Capablanca FNM; 30/90, SD/3"]
[Site "Berkeley"]
[Date "2011.09.30"]
[Round "3.10"]
[White "Stearman, Josiah P"]
[Black "Delaney, Will F"]
[Result "1-0"]
[WhiteElo "1712"]
[BlackElo "1800"]
[PlyCount "49"]
[EventDate "2011.??.??"]
[SourceDate "2007.10.22"]

1. e4 c5 2. Nc3 Nc6 3. g3 Nf6 4. Bg2 g6 5. d3 Bg7 6. f4 d6 7. Nf3 Rb8 8. O-O
O-O 9. a3 Bd7 10. h3 b5 11. Kh2 a5 12. g4 Nd4 13. Nxd4 cxd4 14. Ne2 Qc7 15. f5
e5 16. g5 gxf5 17. gxf6 Bxf6 18. exf5 Kh8 19. Ng3 Rbc8 20. Ne4 Bc6 21. Nxf6
Bxg2 22. Kxg2 Qxc2+ 23. Qxc2 Rxc2+ 24. Rf2 Rfc8 25. Bh6 1-0

[Event "Berkeley CC Santasiere FNM; 30/90, SD/3"]
[Site "?"]
[Date "2009.09.04"]
[Round "?"]
[White "Stearman, Josiah"]
[Black "Gens, Michael"]
[Result "1-0"]
[WhiteElo "1058"]
[BlackElo "638"]
[PlyCount "71"]
[EventDate "2009.09.05"]
[SourceDate "2007.10.22"]

1. d4 Nc6 2. c4 Nf6 3. d5 Ne5 4. Bf4 Nxc4 5. b3 Nb2 6. Qc2 Na4 7. bxa4 Nxd5 8.
Bg3 e6 9. e4 Nb4 10. Qc1 d6 11. Bb5+ c6 12. Be2 Qf6 13. Nc3 Qd4 14. Nf3 Qe5 15.
Bxe5 dxe5 16. Nxe5 Bd6 17. a3 Na6 18. Bxa6 bxa6 19. Ne2 Bxe5 20. Qxc6+ Bd7 21.
Qxa8+ Bb8 22. Qxb8+ Ke7 23. Qxh8 Bxa4 24. Qxh7 Bc6 25. Qxg7 Bxe4 26. Rc1 a5 27.
Rc7+ Kd6 28. Qxf7 Bxg2 29. Qd7+ Ke5 30. f4+ Ke4 31. Rc4+ Ke3 32. Qd4+ Kf3 33.
Ng1+ Kg4 34. Qg7+ Kh4 35. f5+ Kh5 36. Qg6# 1-0

[Event "Berkeley CC Reti FNM; 30/90, SD/60"]
[Site "Berkeley CA"]
[Date "2011.05.06"]
[Round "3.6"]
[White "Stearman, Josiah P"]
[Black "Hua, Arnold"]
[Result "0-1"]
[WhiteElo "1739"]
[BlackElo "1920"]
[PlyCount "70"]
[EventDate "2011.??.??"]
[SourceDate "2007.10.22"]

1. e4 e5 2. d4 exd4 3. c3 d5 4. cxd4 dxe4 5. Nc3 Nf6 6. Bc4 Be7 7. Nge2 O-O 8.
O-O c6 9. Ng3 Bg4 10. Qd2 Bb4 11. a3 Ba5 12. Re1 Re8 13. b4 Bb6 14. Ngxe4 Nxe4
15. Nxe4 Bxd4 16. Bb2 Bxb2 17. Qxb2 Be6 18. Rad1 Qc7 19. Nc5 Qc8 20. Nxe6 fxe6
21. Qb3 Qc7 22. Qe3 a5 23. Qxe6+ Rxe6 24. Rxe6 Kf8 25. Rde1 Nd7 26. Re7 Qf4 27.
Bb3 Qf5 28. Be6 Qf6 29. Rxd7 Re8 30. Rd6 axb4 31. axb4 Qf4 32. Rd3 Rxe6 33.
Red1 Qxb4 34. Rf3+ Ke7 35. Kf1 Qb2 0-1

[Event "Purdy FNM; 30/90, SD/30"]
[Site "Berkeley"]
[Date "2010.01.15"]
[Round "2.7"]
[White "Stearman, Josiah P"]
[Black "Landrum, Brett John"]
[Result "1/2-1/2"]
[WhiteElo "1216"]
[BlackElo "1465"]
[PlyCount "126"]
[EventDate "2010.??.??"]
[SourceDate "2007.10.22"]

1. e4 e5 2. d4 exd4 3. c3 d6 4. Nf3 Bg4 5. h3 Bh5 6. Be2 Nf6 7. Bg5 Be7 8. Nxd4
O-O 9. Bxf6 Bxe2 10. Bxe7 Bxd1 11. Bxd8 Rxd8 12. Kxd1 c5 13. Nf5 g6 14. Ne7+
Kf8 15. Nd5 Nc6 16. f4 Na5 17. Nd2 a6 18. Kc2 b5 19. Nb3 Nc4 20. Rac1 Ra7 21.
Kb1 a5 22. Rhe1 a4 23. Na1 Rb8 24. a3 Rab7 25. Ne3 Nd2+ 26. Kc2 Nxe4 27. Ng4 f5
28. Nh2 h5 29. g4 c4 30. Rcd1 Rd7 31. gxh5 gxh5 32. Rd4 Rg7 33. Nf3 Rg2+ 34.
Nd2 Rd8 35. Kc1 Nf2 36. Kc2 Nxh3 37. Re6 Kf7 38. Rh6 Ng1 39. Rxh5 Kg6 40. Rg5+
Rxg5 41. fxg5 Kxg5 42. Kd1 f4 43. Nc2 Kg4 44. Ke1 Nf3+ 45. Nxf3 Kxf3 46. Kd2
Kg3 47. Ke2 Re8+ 48. Kf1 Re6 49. Rd5 f3 50. Rxb5 Rh6 51. Rg5+ Kf4 52. Rg1 Rh2
53. Nd4 Rxb2 54. Rg6 Ke3 55. Re6+ Kd3 56. Nxf3 Kxc3 57. Rxd6 Kb3 58. Nd2+ Rxd2
59. Rxd2 c3 60. Rd3 Kc4 61. Ke2 c2 62. Kd2 c1=Q+ 63. Kxc1 Kxd3 {
and drawn next move} 1/2-1/2

[Event "Berkeley CC Ch2011 FNM; 30/90, SD/30"]
[Site "Berkeley"]
[Date "2011.11.11"]
[Round "2.15"]
[White "Stearman, Josiah"]
[Black "Landrum, Brett"]
[Result "1-0"]
[WhiteElo "1679"]
[BlackElo "1574"]
[PlyCount "155"]
[EventDate "2011.??.??"]
[SourceDate "2007.10.22"]

1. e4 e5 2. f4 exf4 3. Nf3 Nc6 4. d4 d6 5. Bxf4 Bg4 6. c3 Bxf3 7. Qxf3 a6 8.
Nd2 g6 9. Bd3 Bg7 10. Rf1 Qe7 11. Bg5 f6 12. Bh4 O-O-O 13. O-O-O g5 14. Bg3 h5
15. h3 h4 16. Bh2 Qf7 17. Kb1 Qh5 18. Qxh5 Rxh5 19. Be2 Rh6 20. Bg4+ Kb8 21. d5
Ne5 22. Bxe5 dxe5 23. Nc4 Bf8 24. Ne3 Ne7 25. Be6 Bg7 26. Ng4 Rhh8 27. Nxf6 Ng6
28. Nd7+ Ka7 29. Rf7 Bh6 30. Rf6 Nf4 31. Nxe5 Bg7 32. Rf5 Nxe6 33. Nf7 Rhf8 34.
Nxd8 Rxd8 35. Kc2 Nc5 36. Rxg5 Bf6 37. Rf5 Nd7 38. Rdf1 Be5 39. Rh5 Bg3 40. Rf7
Kb8 41. Rhh7 Kc8 42. b4 Nb6 43. Kb3 Re8 44. a4 Kb8 45. Re7 Rxe7 46. Rxe7 Kc8
47. a5 Kd8 48. Rh7 Nd7 49. c4 Nf6 50. Rh8+ Kd7 51. Rb8 Nxe4 52. Rxb7 Nd2+ 53.
Kc3 Nf1 54. b5 axb5 55. a6 Kc8 56. cxb5 Ne3 57. Kd4 Nxg2 58. Kc5 Nf4 59. Kc6
Nd3 60. b6 Nb4+ 61. Kb5 Nxd5 62. Kc5 Nxb6 63. Kc6 Nc4 64. Rb4 Nb6 65. a7 Kd8
66. Rxb6 cxb6 67. a8=Q+ Ke7 68. Kxb6 Kf6 69. Qf8+ Ke5 70. Kc5 Ke4 71. Kc4 Ke3
72. Qd8 Kf3 73. Qd7 Kg2 74. Qg4 Kf2 75. Kd3 Kg2 76. Ke2 Kh2 77. Kf1 Kh1 78.
Qf3+ 1-0

[Event "Berkeley CC Ch2011 FNM; 30/90, SD/30"]
[Site "Berkeley"]
[Date "2011.12.02"]
[Round "5.10"]
[White "Stearman, Josiah"]
[Black "Lesquillier, Walter"]
[Result "0-1"]
[WhiteElo "1679"]
[BlackElo "1702"]
[PlyCount "62"]
[EventDate "2011.??.??"]
[SourceDate "2007.10.22"]

1. e4 d6 2. d4 Nf6 3. Nc3 g6 4. f4 c6 5. Nf3 b5 6. Bd3 Bg7 7. O-O O-O 8. Ne2
Bb7 9. c3 Nbd7 10. Ng3 Qb6 11. Kh1 Rae8 12. Be3 e5 13. f5 d5 14. dxe5 Qxe3 15.
Re1 Qb6 16. exf6 Bxf6 17. exd5 cxd5 18. Qc2 Kg7 19. a4 a6 20. a5 Qc7 21. Nf1
Nc5 22. Ne3 Qf4 23. b4 Na4 24. Nd1 Rxe1+ 25. Nxe1 Re8 26. Nf3 Rc8 27. Ra3 d4
28. Ng1 Nxc3 29. Nxc3 dxc3 30. Ra1 Rd8 31. Rd1 Be5 0-1

[Event "Purdy FNM; 30/90, SD/30"]
[Site "Berkeley"]
[Date "2010.01.29"]
[Round "4.9"]
[White "Stearman, Josiah P"]
[Black "Lum, Michael K"]
[Result "0-1"]
[WhiteElo "1216"]
[BlackElo "1836"]
[PlyCount "64"]
[EventDate "2010.??.??"]
[SourceDate "2007.10.22"]

1. e4 c6 2. Nf3 d5 3. exd5 cxd5 4. d4 Nf6 5. c4 Nc6 6. Be2 g6 7. O-O Bg7 8. Be3
O-O 9. Nc3 h6 10. h3 Be6 11. b3 Rc8 12. c5 Kh7 13. Rb1 Ne4 14. Nxe4 dxe4 15.
Nd2 f5 16. Bc4 Bxc4 17. Nxc4 Nxd4 18. b4 Qd5 19. Na5 f4 20. Bxd4 Bxd4 21. Nb3
e5 22. Nxd4 exd4 23. Re1 Rce8 24. Rb3 d3 25. f3 d2 26. Rxe4 Rxe4 27. fxe4 Qd4+
28. Kh1 Qf2 29. Rb1 f3 30. gxf3 Rxf3 31. Qg1 Rxh3+ 32. Qh2 Qxh2# 0-1

[Event "Berkeley CC Santasiere FNM; 30/90, SD/3"]
[Site "Berkeley CA"]
[Date "2009.09.12"]
[Round "6.8"]
[White "Stearman, Josiah"]
[Black "Magganas, Alexander"]
[Result "1/2-1/2"]
[WhiteElo "1058"]
[BlackElo "1380"]
[PlyCount "73"]
[EventDate "2009.??.??"]
[SourceDate "2007.10.22"]

1. e4 e6 2. d4 d5 3. e5 c5 4. c3 Nc6 5. Bb5 Qb6 6. Qa4 Bd7 7. Nf3 c4 8. b3 a6
9. bxc4 dxc4 10. Bxc4 Nxd4 11. Qd1 Nxf3+ 12. Qxf3 Bc6 13. Qg3 Qc5 14. Be2 b5
15. O-O h5 16. Be3 Qe7 17. Bg5 h4 18. Qg4 Qc5 19. Qh3 Qxe5 20. Be3 b4 21. Nd2
bxc3 22. Bf3 Rc8 23. Nc4 Qb5 24. Be2 Qb7 25. Rad1 Bd5 26. Rd4 Bc5 27. Rxh4 Rxh4
28. Qxh4 Bxc4 29. Bxc4 Bxe3 30. fxe3 Qc6 31. Qf4 Nf6 32. Bd3 c2 33. Rc1 Qc3 34.
Qa4+ Qc6 35. Qxc6+ Rxc6 36. Rxc2 Rxc2 37. Bxc2 1/2-1/2

[Event "Berkeley CC Capablanca FNM; 30/90, SD/3"]
[Site "Berkeley"]
[Date "2011.10.14"]
[Round "5.5"]
[White "Stearman, Josiah P"]
[Black "Narayanan, Praveen"]
[Result "0-1"]
[WhiteElo "1712"]
[BlackElo "1972"]
[PlyCount "92"]
[EventDate "2011.??.??"]
[SourceDate "2007.10.22"]

1. e4 e5 2. f4 Bc5 3. Nf3 d6 4. Nc3 Nc6 5. d3 Bg4 6. Be2 a6 7. f5 h6 8. h3 Bxf3
9. Bxf3 Qh4+ 10. Kd2 O-O-O 11. Ne2 d5 12. exd5 Nce7 13. c4 Nxf5 14. Kc2 Kb8 15.
Bd2 Nge7 16. Rc1 Ne3+ 17. Bxe3 Bxe3 18. Rb1 f5 19. g3 Qf6 20. Nc3 c6 21. Qe2
Bd4 22. dxc6 Nxc6 23. Bxc6 Qxc6 24. Rhf1 g6 25. b4 b5 26. c5 Rhe8 27. Qf3 e4
28. dxe4 fxe4 29. Qf4+ Ka8 30. Qf7 Bxc3 31. Kxc3 Qd5 32. Qxd5+ Rxd5 33. Rf6
Rd3+ 34. Kc2 Red8 35. Rxa6+ Kb7 36. Rb6+ Kc7 37. Re6 Rd2+ 38. Kc1 R8d4 39. a3
R2d3 40. Kb2 Rd2+ 41. Kc1 R2d3 42. Kb2 Rxg3 43. c6 Rd2+ 44. Kc1 Rf2 45. Rxe4
Rg1+ 46. Re1 Rxe1# 0-1

[Event "Berkeley CC Colle FNM; 30/90, SD/30"]
[Site "Berkeley"]
[Date "2011.07.08"]
[Round "5.6"]
[White "Stearman, Josiah P"]
[Black "Parkin, John"]
[Result "0-1"]
[WhiteElo "1667"]
[BlackElo "1795"]
[PlyCount "74"]
[EventDate "2011.??.??"]
[SourceDate "2007.10.22"]

1. e4 d5 2. exd5 Qxd5 3. Nc3 Qd6 4. Nf3 Nf6 5. Be2 c6 6. b3 Bg4 7. Bb2 e6 8. d3
Be7 9. h3 Bh5 10. Nd2 Bg6 11. g4 h6 12. Bf3 Nbd7 13. Qe2 Ne5 14. Be4 Nxe4 15.
Ncxe4 Qc7 16. O-O-O f6 17. Rhe1 O-O-O 18. d4 Nd7 19. Ng3 Bf7 20. Nf5 Bf8 21.
Nh4 Bd6 22. Ng2 Rhe8 23. Qf1 e5 24. dxe5 Bxe5 25. Bxe5 Rxe5 26. Ne4 Nc5 27.
Rxd8+ Qxd8 28. Rd1 Qe7 29. Nd6+ Kc7 30. Nf5 Qf8 31. Re1 Nd7 32. Rd1 g6 33. f4
Ra5 34. Nd6 Bd5 35. Qe1 Rxa2 36. Nb5+ cxb5 37. Rxd5 Ra1+ 0-1

[Event "Berkeley CC Capablanca FNM; 30/90, SD/3"]
[Site "Berkeley"]
[Date "2011.09.16"]
[Round "1.2"]
[White "Stearman, Josiah P"]
[Black "Sanchez, Miguel"]
[Result "1/2-1/2"]
[WhiteElo "1712"]
[BlackElo "2270"]
[PlyCount "65"]
[EventDate "2011.??.??"]
[SourceDate "2007.10.22"]

1. e4 Nf6 2. e5 Nd5 3. d4 d6 4. Bc4 Nb6 5. Bb3 dxe5 6. Qh5 e6 7. dxe5 a5 8. a3
a4 9. Ba2 Nc6 10. Be3 g6 11. Qe2 Bg7 12. Nf3 Nd5 13. Bxd5 Qxd5 14. Nc3 Qa5 15.
O-O-O O-O 16. Bd2 b6 17. Nb5 Qa6 18. c4 Qb7 19. Bc3 Na5 20. Bb4 Re8 21. Nd2 Qc6
22. Kb1 Ba6 23. Bxa5 bxa5 24. Nf3 Reb8 25. Nfd4 Qc5 26. f4 c6 27. Nd6 Qxa3 28.
Nxc6 Rb6 29. Qf2 Rb3 30. Nxa5 Rbb8 31. Nc6 Rb3 32. Na5 Rbb8 33. Nc6 1/2-1/2

[Event "Berkeley CC Reti FNM; 30/90, SD/60"]
[Site "Berkeley"]
[Date "2011.04.22"]
[Round "1.5"]
[White "Stearman, Josiah P"]
[Black "Wallace, David V"]
[Result "1-0"]
[WhiteElo "1712"]
[BlackElo "1914"]
[PlyCount "71"]
[EventDate "2011.??.??"]
[SourceDate "2007.10.22"]

1. e4 d6 2. d4 Nf6 3. Nc3 g6 4. Be3 Bg7 5. Nf3 Bg4 6. h3 Bxf3 7. Qxf3 O-O 8.
Bd3 Nc6 9. O-O-O e5 10. d5 Nd4 11. Bxd4 exd4 12. Ne2 Nd7 13. Qg3 a6 14. f4 b5
15. h4 h5 16. f5 Ne5 17. Kb1 Ng4 18. Nf4 Be5 19. Qf3 Ne3 20. Rdg1 Nc4 21. Bxc4
bxc4 22. g4 Rb8 23. gxh5 d3 24. hxg6 Rxb2+ 25. Kc1 Rxc2+ 26. Kd1 f6 27. Qh5 Qd7
28. g7 Rc1+ 29. Kxc1 Bxf4+ 30. Kd1 Qa4+ 31. Ke1 Qb4+ 32. Kf1 Qb1+ 33. Kg2 Qb2+
34. Kh3 Rb8 35. Qh8+ Kf7 36. g8=Q+ 1-0

[Event "Berkeley CC Colle FNM; 30/90, SD/30"]
[Site "Berkeley"]
[Date "2011.06.24"]
[Round "3.11"]
[White "Stearman, Josiah P"]
[Black "Wang, Michael Lei"]
[Result "1-0"]
[WhiteElo "1667"]
[BlackElo "1751"]
[PlyCount "119"]
[EventDate "2011.??.??"]
[SourceDate "2007.10.22"]

1. e4 d5 2. exd5 Qxd5 3. Nc3 Qd8 4. d4 Bf5 5. Qf3 Bxc2 6. Qxb7 Nd7 7. Nd5 Rc8
8. Ba6 e6 9. Qxc8 Qxc8 10. Bxc8 exd5 11. Bd2 Ngf6 12. Rc1 Be4 13. f3 Bd3 14.
Nh3 Bd6 15. Bxd7+ Kxd7 16. Bf4 Re8+ 17. Kd2 Bc4 18. b3 Bb4+ 19. Kc2 Re2+ 20.
Kb1 Bd3+ 21. Ka1 Ba3 22. Rxc7+ Kd8 23. Bc1 Kxc7 24. Bxa3 Rxg2 25. Nf4 Bf1 26.
Nxg2 Bxg2 27. Rg1 Bxf3 28. Rxg7 Bh5 29. Be7 Nd7 30. Rxh7 Bg6 31. Rh8 Nb8 32. h4
Nc6 33. Bf6 Kd7 34. h5 Bf5 35. h6 Ke6 36. Bg7 f6 37. h7 Ne7 38. Bf8 Nc6 39. Bc5
Kd7 40. Rd8+ Nxd8 41. h8=Q Ne6 42. Qxf6 Bg4 43. Qf7+ Kc6 44. Qxa7 Nc7 45. Qb6+
Kd7 46. a4 Be2 47. a5 Bd3 48. Qd6+ Kc8 49. Bb6 Na6 50. Qd8+ Kb7 51. Qxd5+ Kb8
52. Qd8+ Kb7 53. Qd7+ Kb8 54. Qa7+ Kc8 55. d5 Be2 56. d6 Bb5 57. b4 Bd7 58.
Qxa6+ Kb8 59. Qa7+ Kc8 60. Qa8# 1-0

[Event "Berkeley CC Santasiere FNM; 30/90, SD/3"]
[Site "Berkeley CA"]
[Date "2009.08.28"]
[Round "4.7"]
[White "Stearman, Josiah"]
[Black "Yan, Jimmy"]
[Result "1-0"]
[WhiteElo "1058"]
[BlackElo "1287"]
[PlyCount "21"]
[EventDate "2009.??.??"]
[SourceDate "2007.10.22"]

1. e4 c5 2. d4 cxd4 3. c3 dxc3 4. Bc4 Nc6 5. Nxc3 e6 6. Nf3 g6 7. Bf4 a6 8. Nd4
Nge7 9. Ndb5 axb5 10. Nxb5 e5 11. Nd6# 1-0

[Event "Berkeley CC De Firmian FNM; 30/90, SD/30"]
[Site "Berkeley"]
[Date "2012.03.30"]
[Round "1.9"]
[White "Stearman, Trevor R"]
[Black "Landrum, Brett J"]
[Result "0-1"]
[WhiteElo "1271"]
[BlackElo "1533"]
[PlyCount "32"]
[EventDate "2012.??.??"]

1. e4 e5 2. f4 exf4 3. Nf3 d6 4. Bc4 Bg4 5. d4 g5 6. O-O Nc6 7. h3 Bh5 8. g4
fxg3 9. Bxg5 f6 10. Bh4 Qd7 11. Kg2 Nh6 12. Bxf6 Bg7 13. Bxg7 Qxg7 14. Be6 Nxd4
15. Bg4 Nxg4 16. Nxd4 Ne3+ 0-1

[Event "Berkeley CS Rubinstein FNM; 30/90, SD/3"]
[Site "Berkeley"]
[Date "2011.08.19"]
[Round "4.4"]
[White "Stern, Benjamin P"]
[Black "Curto, Wayne"]
[Result "1-0"]
[WhiteElo "1825"]
[BlackElo "1905"]
[PlyCount "75"]
[EventDate "2011.??.??"]
[SourceDate "2007.10.22"]

1. d4 d5 2. c4 c6 3. Nf3 Nf6 4. Nc3 e6 5. Bg5 Bb4 6. Qb3 Qe7 7. e3 O-O 8. Bd3
Nbd7 9. O-O Bd6 10. Rac1 dxc4 11. Bxc4 h6 12. Bxf6 Nxf6 13. e4 Bb4 14. Rfe1 b5
15. Bd3 Bb7 16. e5 Nd7 17. Re3 Bxc3 18. Rxc3 a6 19. Be4 Rac8 20. Rc1 Rc7 21.
Rec3 Rfc8 22. Nd2 c5 23. Bxb7 Rxb7 24. dxc5 Nxe5 25. Ne4 Rc6 26. Qc2 a5 27. Nd6
Rb8 28. Qe4 b4 29. R3c2 b3 30. axb3 f6 31. f4 Rb4 32. Qe3 Ng6 33. Rc4 Rb8 34.
Qe4 Ra6 35. Qxg6 Qa7 36. Kh1 Rxb3 37. c6 Rxb2 38. c7 1-0

[Event "Berkeley CS Rubinstein FNM; 30/90, SD/3"]
[Site "Berkeley"]
[Date "2011.08.05"]
[Round "2.7"]
[White "Stern, Benjamin P"]
[Black "Deng, David"]
[Result "1-0"]
[WhiteElo "1825"]
[BlackElo "1444"]
[PlyCount "99"]
[EventDate "2011.??.??"]
[SourceDate "2007.10.22"]

1. d4 Nf6 2. c4 g6 3. Nc3 Bg7 4. e4 d6 5. Nf3 Bg4 6. Be2 Nbd7 7. h3 Bxf3 8.
Bxf3 c6 9. Be3 O-O 10. Qd2 Qc7 11. Rc1 Rfc8 12. O-O a6 13. Be2 c5 14. d5 Ne5
15. f4 Ned7 16. Bf3 Rab8 17. Qe2 Ne8 18. Kh1 Qd8 19. a4 Nc7 20. Bd2 e6 21. Nd1
exd5 22. cxd5 b5 23. axb5 axb5 24. Bc3 b4 25. Bxg7 Kxg7 26. Ne3 Ne8 27. Nc4 Qe7
28. e5 dxe5 29. fxe5 f6 30. d6 Qe6 31. exf6+ Qxf6 32. Bd5 Qg5 33. Rf7+ Kh6 34.
Ne3 Nef6 35. Be6 Rf8 36. Rxd7 Nxd7 37. Bxd7 Rbd8 38. Ng4+ Kh5 39. Ne5+ Kh6 40.
Rxc5 Qf4 41. Ng4+ Kg7 42. Qe5+ Qxe5 43. Nxe5 Rf1+ 44. Kh2 Kf6 45. Ng4+ Kf7 46.
Rc7 Kf8 47. Nh6 Rf2 48. Kg3 Rxb2 49. Bb5 Rb3+ 50. Kg4 1-0

[Event "George Koltanowski Sunday Marathon"]
[Site "?"]
[Date "2007.11.11"]
[Round "4"]
[White "Stoll, Danny"]
[Black "Gonda, Thomas"]
[Result "0-1"]
[WhiteElo "1149"]
[BlackElo "1426"]
[PlyCount "66"]
[EventDate "2007.10.28"]
[SourceDate "2007.10.22"]

1. d4 Nf6 2. c4 e6 3. Nc3 Bb4 4. e3 Ne4 5. Qc2 Bxc3+ 6. bxc3 d5 7. Nf3 c6 8.
Bd3 Qa5 9. Bb2 Nd6 10. c5 Nc4 11. Qb3 Nxb2 12. Qxb2 Nd7 13. Qb4 Qc7 14. O-O e5
15. c4 e4 16. cxd5 exf3 17. dxc6 bxc6 18. Rfe1 Nf6 19. e4 fxg2 20. e5 Nd5 21.
Qd2 Qe7 22. Qa5 Nf4 23. Be4 Nh3+ 24. Kxg2 Qg5+ 25. Kf1 Qg1+ 26. Ke2 Qxf2+ 27.
Kd1 Bg4+ 28. Kc1 O-O 29. Bxc6 Rfb8 30. Rb1 Rxb1+ 31. Kxb1 Rb8+ 32. Bb5 Bf5+ 33.
Ka1 Qxd4+ 0-1

[Event "Berkeley CC FNM; 30/90, SD/30"]
[Site "Berkeley"]
[Date "2009.05.22"]
[Round "4.6"]
[White "Stoll, Danny"]
[Black "Krasnov, Steven"]
[Result "0-1"]
[WhiteElo "1280"]
[BlackElo "1940"]
[PlyCount "76"]
[EventDate "2009.??.??"]
[SourceDate "2007.10.22"]

1. c4 e5 2. d3 Nf6 3. Nf3 Nc6 4. g3 Bc5 5. Bg2 d6 6. O-O h6 7. Nc3 a6 8. e3 O-O
9. d4 exd4 10. exd4 Ba7 11. Be3 Bf5 12. Re1 Re8 13. Qd2 Ng4 14. Bf4 Kh7 15. h3
Nf6 16. Nh4 Bd7 17. Qd3+ Kg8 18. g4 Rxe1+ 19. Rxe1 Nxg4 20. Qg3 g5 21. hxg4
gxf4 22. Qh2 Bxd4 23. Bxc6 bxc6 24. Nf5 Bxf5 25. gxf5 Qg5+ 26. Kh1 Kh7 27. Ne2
Be5 28. Qh3 Rd8 29. Rg1 Qf6 30. Qg4 d5 31. cxd5 cxd5 32. Nc1 d4 33. b3 Qc6+ 34.
Kh2 Qc2 35. f6 Qg6 36. Qe2 Qxf6 37. Qe4+ Kh8 38. Nd3 Bd6 0-1

[Event "Blackburne Friday Night Marathon"]
[Site "Berkeley"]
[Date "2009.03.27"]
[Round "3.8"]
[White "Stoll, Danny"]
[Black "Landrum, Brett John"]
[Result "1-0"]
[WhiteElo "1302"]
[BlackElo "1436"]
[PlyCount "153"]
[EventDate "2009.??.??"]
[SourceDate "2007.10.22"]

1. c4 e5 2. d3 Nf6 3. Nf3 Nc6 4. g3 Bc5 5. Bg2 d6 6. O-O Bg4 7. Nc3 Nd4 8. Nxd4
Bxd4 9. Bg5 c6 10. Ne4 b6 11. Nxf6+ gxf6 12. Bh6 Qd7 13. Bg7 Rg8 14. Bxf6 Bxb2
15. Rb1 Bd4 16. Qa4 d5 17. cxd5 cxd5 18. Qxd7+ Kxd7 19. e3 Bc5 20. Bxd5 Raf8
21. Bxe5 Be2 22. Rfe1 Bg4 23. Rbc1 Be6 24. Bxe6+ fxe6 25. d4 Bd6 26. Bxd6 Kxd6
27. Rc4 Rf3 28. Rec1 Rgf8 29. R1c2 R8f7 30. e4 Rb7 31. R2c3 Rff7 32. f4 a5 33.
a4 Rfc7 34. Kf2 Rg7 35. Ke3 Rg6 36. Kd3 Rh6 37. Rc2 Rg6 38. R4c3 Rgg7 39. Kc4
Rgc7+ 40. Kb5 Rd7 41. Rd2 h6 42. Rc6+ Ke7 43. Rxb6 Ra7 44. f5 exf5 45. exf5
Rd5+ 46. Kc4 Rxf5 47. Rxh6 Rf7 48. Re2+ Kf8 49. Ree6 Rfc7+ 50. Rc6 Rcb7 51. Rb6
Rc7+ 52. Rhc6 Rh7 53. Ra6 Raf7 54. Rh6 Rc7+ 55. Kd3 Rhe7 56. Rxa5 Rf7 57. Raa6
Rf3+ 58. Ke4 Rcc3 59. Rhf6+ Rxf6 60. Rxf6+ Ke7 61. Rf3 Rc2 62. h4 Ra2 63. g4
Rxa4 64. h5 Ra1 65. Rg3 Rh1 66. Kf5 Kf7 67. Rd3 Kg7 68. Kg5 Ra1 69. d5 Ra5 70.
Kf5 Kh6 71. Ke6 Kg5 72. Rd4 Ra1 73. d6 Re1+ 74. Kf7 Rf1+ 75. Kg7 Re1 76. d7
Re7+ 77. Kf8 1-0

[Event "BCC Annual Championship"]
[Site "?"]
[Date "2008.10.24"]
[Round "1.8"]
[White "Stoll, Danny"]
[Black "Lara, Jaime"]
[Result "0-1"]
[WhiteElo "1200"]
[BlackElo "1668"]
[PlyCount "68"]
[EventDate "2008.??.??"]
[SourceDate "2007.10.22"]

1. d4 Nf6 2. c4 e6 3. Nc3 d5 4. Bg5 Be7 5. Nf3 c6 6. e3 O-O 7. Bd3 Nbd7 8. O-O
Re8 9. e4 dxe4 10. Nxe4 Nxe4 11. Bxe7 Qxe7 12. Bxe4 Nf6 13. Bc2 Qb4 14. b3 Rd8
15. a3 Qd6 16. Qd3 Qf4 17. Rad1 b6 18. Ne5 Bb7 19. g3 Qh6 20. f4 g6 21. g4 Qh4
22. Qf3 Rac8 23. g5 Ne8 24. Ng4 Rc7 25. Rf2 Rcd7 26. Rfd2 Kg7 27. Ne5 Rc7 28.
Rg2 c5 29. d5 Qh5 30. Ng4 exd5 31. cxd5 Kf8 32. Rg3 Bc8 33. Rf1 Bf5 34. Bxf5
gxf5 0-1

[Event "BCC Championship"]
[Site "Berkeley"]
[Date "2008.12.19"]
[Round "8.8"]
[White "Stoll, Danny"]
[Black "Magganas, Alexander"]
[Result "0-1"]
[WhiteElo "1200"]
[BlackElo "1078"]
[PlyCount "50"]
[EventDate "2008.??.??"]
[SourceDate "2007.10.22"]

1. c4 e5 2. d3 Nf6 3. Nf3 Nc6 4. g3 d5 5. cxd5 Bb4+ 6. Bd2 Bxd2+ 7. Qxd2 Nxd5
8. Bg2 O-O 9. O-O Bf5 10. Nc3 Nxc3 11. bxc3 Re8 12. Rab1 Rb8 13. Nh4 Bd7 14. f4
exf4 15. Qxf4 g5 16. Qxf7+ Kh8 17. Be4 Rxe4 18. Ng6+ hxg6 19. dxe4 Bh3 20. Rf6
Ne5 21. Rd6 Qxd6 22. Qf2 b6 23. a4 Rf8 24. Qe1 Qc5+ 25. e3 Nf3+ 0-1